banner-ar

BOSNIA : (Record no. 4725)

MARC details
000 -الفاتح
حقل البيانات ثابتة الطول 00549nam a2200193Ia 4500
008 - عناصر البيانات ثابتة الطول - معلومات عامة
حقل البيانات ثابتة الطول 140319s9999 xx 000 0 eng d
020 ## - الرقم الدولى المعيارى للكتب
الرقم الدولى المعيارى للكتاب 0814755208
040 ## - مصدر الفهرسة
وكالة الفهرسة الأصلية GCL /
وكالة النسخ GCL
082 04 - رقم تصنيف ديوى العشرى
رقم التصنيف 949.742
رقم المادة M B
100 1# - المدخل الرئيسى - إسم شخصى
الإسم الشخصى MALCOLM, NOEL
245 10 - بيان العنوان
العنوان BOSNIA :
بقية العنوان A SHORT HISTORY /
بيان المسئوليه,etc MALCOLM, NOEL
300 ## - الوصف المادى
التعداد 23 CM ؛
أبعاد الوعاء XXIV, 340 P
650 04 - المدخل الاضافى بالموضوع-مصطلح موضوعى
مصطلح موضوعي BOSNIA AND HERCEGOVINA - ETHIC
650 04 - المدخل الاضافى بالموضوع-مصطلح موضوعى
مصطلح موضوعي BOSNIA AND HERCEGOVINA - HISTORY - 1992
650 04 - المدخل الاضافى بالموضوع-مصطلح موضوعى
مصطلح موضوعي BOSNIA - HISTORY
942 ## - عناصر المدخل الإضافي( كوها)
مصدر التصنيف او مخطط الترفيف Dewey Decimal Classification
Koha [default] item type كتاب
260 ## - PUBLICATION, DISTRIBUTION, ETC. (IMPRINT)
-- [S.N] :
-- NEW YORK UNIVERSITY PRESS
Holdings
حالة التراجع حالة الفقد حالة تلف ليس للاعارة المكان المؤقت الموقع الحالى تاريخ الاكتساب اجمالي اﻻعارات رقم الطلب الباركود تاريخ اخر مشاهدة تاريخ تفعيل السعر نوع وعاء كوها
        مكتبة القاهرة الكبرى مكتبة القاهرة الكبرى 03/26/2014   949.742\M B 10641 03/26/2014 03/26/2014 كتاب

Powered By

EGPV